Introduction to film studies / (Record no. 18404)
[ view plain ]
| 000 -LEADER | |
|---|---|
| fixed length control field | 01100cam a2200313 i 4500 |
| 001 - CONTROL NUMBER | |
| control field | 16707195 |
| 003 - CONTROL NUMBER IDENTIFIER | |
| control field | EG-ScBUE |
| 005 - DATE AND TIME OF LATEST TRANSACTION | |
| control field | 20230309095040.0 |
| 008 - FIXED-LENGTH DATA ELEMENTS--GENERAL INFORMATION | |
| fixed length control field | 110325s2012 enka f bd 001 0 eng d |
| 020 ## - INTERNATIONAL STANDARD BOOK NUMBER | |
| International Standard Book Number | 9780415582599 (pbk. : alk. paper) |
| 040 ## - CATALOGING SOURCE | |
| Original cataloging agency | DLC |
| Language of cataloging | eng |
| Description conventions | rda |
| Transcribing agency | DLC |
| Modifying agency | DLC |
| -- | EG-ScBUE |
| 082 04 - DEWEY DECIMAL CLASSIFICATION NUMBER | |
| Classification number | 791.43 |
| Edition number | 22 |
| Item number | INT |
| 245 00 - TITLE STATEMENT | |
| Title | Introduction to film studies / |
| Statement of responsibility, etc | edited by Jill Nelmes ; foreword by Bill Nicholls. |
| 246 30 - VARYING FORM OF TITLE | |
| Title proper/short title | Film studies |
| 250 ## - EDITION STATEMENT | |
| Edition statement | Fifth edition. |
| 264 #1 - PUBLICATION, DISTRIBUTION, ETC. (IMPRINT) | |
| Place of publication, distribution, etc | London ; |
| -- | New York : |
| Name of publisher, distributor, etc | Routledge, |
| Date of publication, distribution, etc | 2012. |
| 300 ## - PHYSICAL DESCRIPTION | |
| Extent | xxv, 536 pages : |
| Other physical details | illustrations (some color) ; |
| Dimensions | 25 cm |
| 336 ## - CONTENT TYPE | |
| Source | rdacontent |
| Content type term | text |
| Content type code | txt |
| 337 ## - MEDIA TYPE | |
| Source | rdamedia |
| Media type term | unmediated |
| Media type code | n |
| 338 ## - CARRIER TYPE | |
| Source | rdacarrier |
| Carrier type term | volume |
| Carrier type code | nc |
| 500 ## - GENERAL NOTE | |
| General note | Includes glossary.<br/> |
| 504 ## - BIBLIOGRAPHY, ETC. NOTE | |
| Bibliography, etc | Includes bibliographical references and index.<br/> |
| 650 #7 - SUBJECT ADDED ENTRY--TOPICAL TERM | |
| Topical term or geographic name as entry element | Motion pictures |
| General subdivision | Evaluation. |
| Source of heading or term | BUEsh |
| 9 (RLIN) | 36104 |
| 653 ## - INDEX TERM--UNCONTROLLED | |
| Resource For college | Communication and mass media |
| Arrived date list | September2014 |
| 655 ## - INDEX TERM--GENRE/FORM | |
| Form subdivision | Reading book |
| 700 1# - ADDED ENTRY--PERSONAL NAME | |
| Personal name | Nelmes, Jill, |
| Dates associated with a name | 1954- |
| Relator term | editor. |
| 9 (RLIN) | 36105 |
| 700 1# - ADDED ENTRY--PERSONAL NAME | |
| Personal name | Nicholls, Billy, |
| Relator term | author of introduction, etc. |
| 9 (RLIN) | 36106 |
| 942 ## - ADDED ENTRY ELEMENTS (KOHA) | |
| Source of classification or shelving scheme | Dewey Decimal Classification |
| Call number prefix | 791.43 INT |
| Koha item type | Book - Borrowing |
| Withdrawn status | Lost status | Source of classification or shelving scheme | Damaged status | Not for loan | Collection code | Home library | Current library | Shelving location | Date acquired | Source of acquisition | Cost, normal purchase price | Total Checkouts | Full call number | Barcode | Date last seen | Cost, replacement price | Koha item type | Total Renewals | Date checked out |
|---|---|---|---|---|---|---|---|---|---|---|---|---|---|---|---|---|---|---|---|
| Dewey Decimal Classification | Baccah | Central Library | Central Library | Second Floor | 24/09/2014 | Purchase | 292.00 | 791.43 INT | 000036322 | 15/07/2025 | 365.00 | NB - Book (Non borrowing) | |||||||
| Dewey Decimal Classification | Baccah | Central Library | Central Library | Second Floor | 24/09/2014 | Purchase | 292.00 | 5 | 791.43 INT | 000036323 | 15/07/2025 | 365.00 | Book - Borrowing | 11 | 20/09/2018 | ||||
| Dewey Decimal Classification | Baccah | Central Library | Central Library | Second Floor | 24/09/2014 | Purchase | 292.00 | 2 | 791.43 INT | 000036324 | 15/07/2025 | 365.00 | Book - Borrowing | 31 | 10/10/2017 | ||||
| Dewey Decimal Classification | Baccah | Central Library | Central Library | Second Floor | 24/09/2014 | Purchase | 292.00 | 4 | 791.43 INT | 000036325 | 15/07/2025 | 365.00 | Book - Borrowing | 32 | 24/11/2019 | ||||
| Dewey Decimal Classification | Baccah | Central Library | Central Library | Second Floor | 24/09/2014 | Purchase | 292.00 | 5 | 791.43 INT | 000036326 | 15/07/2025 | 365.00 | Book - Borrowing | 10 | 15/01/2015 | ||||
| Dewey Decimal Classification | Baccah | Central Library | Central Library | Second Floor | 24/09/2014 | Purchase | 292.00 | 3 | 791.43 INT | 000036327 | 15/07/2025 | 365.00 | Book - Borrowing | 24 | 24/11/2019 | ||||
| Dewey Decimal Classification | Baccah | Central Library | Central Library | Second Floor | 24/09/2014 | Purchase | 292.00 | 2 | 791.43 INT | 000036328 | 15/07/2025 | 365.00 | Book - Borrowing | 23 | 24/11/2019 | ||||
| Dewey Decimal Classification | Baccah | Central Library | Central Library | Second Floor | 24/09/2014 | Purchase | 292.00 | 2 | 791.43 INT | 000036329 | 15/07/2025 | 365.00 | Book - Borrowing | 3 | 12/01/2022 | ||||
| Dewey Decimal Classification | Baccah | Central Library | Central Library | Second Floor | 24/09/2014 | Purchase | 292.00 | 791.43 INT | 000036330 | 15/07/2025 | 365.00 | Book - Borrowing | |||||||
| Dewey Decimal Classification | Baccah | Central Library | Central Library | Second Floor | 24/09/2014 | Purchase | 292.00 | 2 | 791.43 INT | 000036331 | 15/07/2025 | 365.00 | Book - Borrowing | 14 | 14/10/2018 |